Το κράτος του δικαίου : εισαγωγή στην κριτική του συνταγματικού δικαίου

Αποθηκεύτηκε σε:
Λεπτομέρειες βιβλιογραφικής εγγραφής
Κύριος συγγραφέας: Miaille, Michel
Άλλοι συγγραφείς: Παπαγιαννάκη, Μαρίνα (trlf)
Μορφή: Βιβλίο
Γλώσσα:Greek
French
Δημοσίευση: Θεσσαλονίκη : Παρατηρητής, 1983.
Σειρά:Δίκαιο και πολιτική (Παρατηρητής) ; 6
Θέματα:
Ετικέτες: Προσθήκη ετικέτας
Δεν υπάρχουν, Καταχωρήστε ετικέτα πρώτοι!

MARC

LEADER 00000cam a2200000 i 4500
001 1/48661
008 960314s1983 gr | ||| |||| ||gre||
035 |l 10026708 
040 |a GR-MY-UA  |b gre  |e aacr 
041 1 |a gre  |h fre 
082 7 |a 342   |2 (22) 
100 1 |a Miaille, Michel. 
245 1 3 |a Το κράτος του δικαίου :   |b εισαγωγή στην κριτική του συνταγματικού δικαίου /   |c Michel Miaille ; μετάφραση: Μαρίνα Παπαγιαννάκη.  
260 |a Θεσσαλονίκη :   |b Παρατηρητής,   |c 1983.  
300 |a 338 σ. ;   |c 21 εκ.  
490 1 |a (Δίκαιο και πολιτική / Παρατηρητής) ;   |v  6) 
500 |a Μετάφραση του: L'etat du droit, eintroduction a une critique du droit constitutionnel  
504 |a Περιλαμβάνει βιβλιογραφικές παραπομπές.  
650 0 0 |a Constitutional law. 
700 1 |a Παπαγιαννάκη, Μαρίνα,  |e trlf 
830 0 |a Δίκαιο και πολιτική (Παρατηρητής)  |v  ; 6 
852 |a INST  |b CHIOS  |e 19960314  |h 342 MIA  |p 005200003220  |q 005200003220  |t BK  |y 0 
909 |a Χ  |b 009694 
970 |z 1996/03